Kuasa minda separa sedar

Bibliographic Details
Main Author: Mohd Rozani Pawan Chek
Format: Book
Published: Kuala Lumpur : PTS Professional Publishing , 2006
Series:Bisnes & pengurusan
Subjects:

MARC

LEADER 00000cam a2200000 7i4500
001 0000012078
005 20071127.0
008 071127
020 |a 9833585167 
090 0 0 |a 154.2   |b MOH 
100 0 |a Mohd Rozani Pawan Chek 
245 1 0 |a Kuasa minda separa sedar   |c Mohd Rozani Pawan Chek 
260 |a Kuala Lumpur :   |b PTS Professional Publishing ,   |c 2006 
440 |a Bisnes & pengurusan 
650 0 |a Malay fiction 
650 0 |a Mental discipline 
650 0 |a Subconsciousness 
999 |a 0000923045   |b Book   |c Adult Collection   |e Cawangan Bukit Gambir 
999 |a 0000933376   |b Book   |c Adult Collection   |e Cawangan Tangkak 
999 |a 0000933378   |b Book   |c Adult Collection   |e Cawangan Tangkak 
999 |a 0001004725   |b Book   |c Adult Collection   |e Perbadanan Perpustakaan Awam Johor 
999 |a 0001004726   |b Book   |c Adult Collection   |e Perbadanan Perpustakaan Awam Johor 
999 |a 0001004727   |b Book   |c Adult Collection   |e Perbadanan Perpustakaan Awam Johor 
999 |a 0001144588   |b Book   |c Adult Collection   |e Cawangan Muar